[Event "4. Memorial Oliver Gonzalez 2015"]
[Site "Madrid ESP"]
[Date "2015.10.18"]
[Round "9.5"]
[White "Gleizerov, Evgeny"]
[Black "Plazuelo Pascual, Juan"]
[Result "1-0"]
[WhiteElo "2493"]
[BlackElo "2302"]
[PlyCount "93"]
[EventDate "2015.10.10"]
[EventType "swiss"]
[EventRounds "9"]
[EventCountry "ESP"]
[Source "lmi"]
[SourceDate "2015.10.10"]

1. d4 Nf6 2. c4 e6 3. g3 Bb4+ 4. Bd2 Qe7 5. Bg2 Nc6 6. Nf3 Bxd2+ 7. Nbxd2 a5 8.
O-O d6 9. Re1 O-O 10. Nf1 e5 11. Ne3 Re8 12. Rc1 e4 13. Nd2 Nxd4 14. Nxe4 Nxe4
15. Qxd4 Nc5 16. Nd5 Qd8 17. b3 Be6 18. Nf4 Qe7 19. Qc3 Bf5 20. Nd5 Qd7 21.
Rcd1 Be4 22. Bxe4 Nxe4 23. Qd4 Ng5 24. h4 Ne4 25. Kg2 Kf8 26. f3 Nc5 27. Nf6
gxf6 28. Qxc5 Re5 29. Qf2 Rae8 30. Rd5 b6 31. e4 f5 32. Qd4 Qe6 33. Rxe5 dxe5
34. Qd5 fxe4 35. fxe4 c6 36. Qd3 Ke7 37. Rd1 c5 38. Qf3 Rd8 39. Rd5 Rxd5 40.
cxd5 Qh6 41. Qf5 Qg7 42. Qc8 Qg6 43. Qc7+ Kf8 44. Qxe5 Qg4 45. d6 Qe2+ 46. Kh3
h5 47. Qh8# 1-0

[Event "4. Memorial Oliver Gonzalez 2015"]
[Site "Madrid ESP"]
[Date "2015.10.18"]
[Round "9.6"]
[White "Drenchev, Petar"]
[Black "Starostits, Ilmars"]
[Result "1-0"]
[WhiteElo "2465"]
[BlackElo "2404"]
[PlyCount "105"]
[EventDate "2015.10.10"]
[EventType "swiss"]
[EventRounds "9"]
[EventCountry "ESP"]
[Source "lmi"]
[SourceDate "2015.10.10"]

1. e4 d6 2. d4 Nf6 3. Nc3 e5 4. Nf3 Nbd7 5. Bc4 Be7 6. a4 O-O 7. O-O c6 8. Qe2
a5 9. Rd1 exd4 10. Nxd4 Ne5 11. Ba2 Re8 12. h3 Qc7 13. Be3 b6 14. f4 Ng6 15.
Qc4 Bf8 16. Qxc6 Qxc6 17. Nxc6 Bb7 18. Nd4 Nxe4 19. Nd5 Nf6 20. Nf5 Rac8 21.
Nh6+ gxh6 22. Nxf6+ Kh8 23. Nxe8 Rxe8 24. Kf2 Kg8 25. Bd5 Ba6 26. Re1 Ne7 27.
Bb3 Bg7 28. Bxb6 Bxb2 29. Rad1 Ba3 30. f5 Rb8 31. Bc7 Bc5+ 32. Kf3 Bb7+ 33. Kf4
Re8 34. Bxd6 Nd5+ 35. Rxd5 Bxd6+ 36. Rxd6 Rxe1 37. f6 Re4+ 38. Kg3 Re8 39. Rd7
Rb8 40. Rxf7 Kh8 41. Re7 h5 42. h4 Bc6 43. Rc7 Be4 44. Kf4 Bxg2 45. Kg5 Rf8 46.
Re7 Bc6 47. c3 Bf3 48. f7 Kg7 49. Re8 h6+ 50. Kf4 Bc6 51. Rxf8 Kxf8 52. Ke5 Ke7
53. Kd4 1-0